Industrialización e inversiones extranjeras en Pánama /

Gespeichert in:
Bibliographische Detailangaben
1. Verfasser: Gandasegui, Marcos A
Format: Text
Schlagworte:
Tags: Tag hinzufügen
Keine Tags, Fügen Sie den ersten Tag hinzu!

MARC

LEADER 00000 a a2200000 04500
001 42635
003
040
100 |a Gandasegui, Marcos A  
245 |a Industrialización e inversiones extranjeras en Pánama /  |c Marcos A Gandasegui  
650 |a INDUSTRIALIZACION  
650 |a INVERSIONES EXTRANJERAS  
650 |a PANAMA  
650 |a ECONOMIA  
650 |a INDUSTRIA  
650 |a DESARROLLO INDUSTRIAL  
773 |g volumen3, número7 ( , 1974), páginas 1-34  
999 |c 34857  |d 34857 
773 0 |0 18875  |9 5502  |a Universidad de Costa Rica.  |d San José, Costa Rica: Universidad de Costa Rica. Consejo Superior Universitario Centroamericano, 1972-  |o 13790  |t Estudios Sociales Centroamericanos /  |x 03039676